|
|
|
|
| LEADER |
00701nam a2200205Ia 4500 |
| 001 |
CTU_131776 |
| 008 |
210402s9999 xx 000 0 und d |
| 020 |
|
|
|c 99000
|
| 082 |
|
|
|a 809
|
| 082 |
|
|
|b Ng527
|
| 100 |
|
|
|a Nguyên Hồng
|
| 245 |
|
0 |
|a Nguyên Hồng về tác gia và tác phẩm
|
| 245 |
|
0 |
|c Nguyên Hồng; Hà Minh Đức Giới thiệu; Hữu Nhuận tuyển chọn
|
| 260 |
|
|
|a Hà Nội
|
| 260 |
|
|
|b Giáo dục
|
| 260 |
|
|
|c 2007
|
| 650 |
|
|
|a Vietnamese literature,Văn học Việt Nam
|
| 650 |
|
|
|x History and criticism,Lịch sử và phê bình
|
| 904 |
|
|
|i Tuyến
|
| 980 |
|
|
|a Trung tâm Học liệu Trường Đại học Cần Thơ
|